000 01161pam a2200301 a 4500
999 _c4941
_d4941
001 2067697
003 OSt
005 20220331105339.0
008 940222s1994 enka b 001 0 eng c
010 _a 94008439
020 _a0750612304 :
_c£75.00
040 _aDNLM/DLC
_cDLC
_dDLC
050 1 0 _aRD598
_b.C35 1994
060 1 0 _aWG 168 C26565 1994
082 0 0 _a617.4/12/0083
_220
245 0 0 _aCardiopulmonary bypass in neonates, infants and young children /
_c[edited by] Richard A. Jonas, Martin J. Elliott ; with a foreword by Jaroslav Stark and Aldo R. Casteneda.
260 _aOxford ;
_aBoston :
_bButterworth-Heinemann,
_c1994.
300 _axii, 312 p. :
_bill. ;
_c26 cm.
504 _aIncludes bibliographical references and index.
650 0 _aCardiopulmonary bypass.
650 0 _aChildren
_xSurgery.
650 2 _aCardiopulmonary Bypass
_xin infancy & childhood.
700 1 _aJonas, Richard A.
700 1 _aElliott, Martin J.
906 _a7
_bcbc
_corignew
_d1
_eocip
_f19
_gy-gencatlg
942 _2lcc
_cBK
_nDO